<?xml version="1.0" encoding="UTF-8"?>
<marc:record xmlns:marc="http://www.loc.gov/MARC21/slim">
   <marc:leader>00000nam a2200000 a 4500</marc:leader>
   <marc:datafield ind1="0" ind2="0" tag="245">
      <marc:subfield code="a">Der Ring des Salomo</marc:subfield>
   </marc:datafield>
   <marc:datafield ind1=" " ind2="1" tag="264">
      <marc:subfield code="a">München</marc:subfield>
      <marc:subfield code="b">Cbt</marc:subfield>
      <marc:subfield code="c">2013</marc:subfield>
   </marc:datafield>
   <marc:datafield ind1="1" ind2=" " tag="490">
      <marc:subfield code="a">Bartimäus-Trilogie</marc:subfield>
      <marc:subfield code="v">4</marc:subfield>
   </marc:datafield>
   <marc:datafield ind1="1" ind2=" " tag="520">
      <marc:subfield code="a">Atemberaubend spannend, umwerfend komisch - einfach unwiderstehlich!&#xD;
&#xD;
Bartimäus, der Dschinn aller Dschinns, darf seine ruhmreiche Vergangenheit präsentieren – die sogar seine späteren Heldentaten mit Nathanael beinahe in den Schatten stellt. Schließlich hat Bartimäus seinerzeit nur den Besten der Besten und Hochwohlgeborenen gedient: Mächtige Magier und wunderschöne Königinnen waren seine Gebieter – und mit dem berühmten König Salomon stand er sogar auf Du und Du ...&#xD;
&#xD;
Ein spektakuläres Feuerwerk an atemberaubender Spannung, unnachahmlichem Witz und mit einem unwiderstehlichen Helden!</marc:subfield>
   </marc:datafield>
   <marc:datafield ind1=" " ind2=" " tag="041">
      <marc:subfield code="a">ger</marc:subfield>
   </marc:datafield>
   <marc:datafield ind1="0" ind2=" " tag="490">
      <marc:subfield code="v">4</marc:subfield>
   </marc:datafield>
   <marc:datafield ind1=" " ind2=" " tag="338">
      <marc:subfield code="a">Band</marc:subfield>
   </marc:datafield>
</marc:record>
